000 00381nam a2200157Ia 4500
100 _aCoughanowr Donald R
650 _aChemistry
942 _cBK
654 _aProcess systems analysis and control
245 _aProcess Systems Analysis and Control
260 _bMc Graw Hill
_aNew York
_c1991
082 _a660.028
_bPAN
300 _a566
546 _aENGLISH
999 _c28028
_d28028